000
00198 a2200097 4500
001
3477
100
_a
Hosller, C.W
245
_a
Turkism & the soviets
260
_a
_b
Allen
_c
090
_c
2743
_d
2743
942
_a
NUST-CAE
_c
M
_c
19369
999
_c
238550
_d
238550